000 00842nam a2200265Ia 4500
999 _c5120
_d5120
001 60345736
003 OCoLC
005 20181221100526.0
008 050511s2004 txuac b 000 0 eng d
020 _a1595890017
020 _a9781595890016
040 _aIAG
_cIAG
_dBAKER
_dBTCTA
050 4 _aBV2061
_b.Y64 2004x
082 _a266
_bY54R
100 1 _aYohannan, K. P.
245 1 0 _aRevolution in world missions /
_cK.P. Yohannan ; [foreword by David and Karen Mains].
250 _aRev.
260 _aCarrollton, TX :
_bGFA Books,
_cc2004.
300 _a232 p. :
_bill., ports. ;
_c22 cm.
500 _aPreviously published as: The coming revolution in world missions.
504 _aIncludes bibliographical references.
650 0 _aMissions.
700 1 2 _aYohannan, K. P.
_tComing revolution in world missions.
942 _2ddc
_cBK